Álgebra : Primera parte Primera parte
Publicado:
Barcelona :
Servicio de Extensión de Enseñanzas Técnicas de la Diputación Provincial de Barcelona, [s.a.]
Descripción Física:
28 p. ; 22 cm
Otros Autores:
Servicio de Extensión de Enseñanzas Técnicas
Materias:
Àlgebra
MARC
| LEADER | 00000nam a2200000Ia 4500 | ||
|---|---|---|---|
| 001 | 8298 | ||
| 008 | 160829s9999 xx 000 0 cat d | ||
| 080 | |a FU-8-55 | ||
| 245 | |a Álgebra : |b Primera parte | ||
| 260 | |a Barcelona : |b Servicio de Extensión de Enseñanzas Técnicas de la Diputación Provincial de Barcelona, [s.a.] | ||
| 300 | |a 28 p. ; |c 22 cm | ||
| 650 | |a Àlgebra |9 34052 | ||
| 700 | |a Servicio de Extensión de Enseñanzas Técnicas |9 22818 | ||
| 710 | 1 | |a Barcelona (Catalunya : Província). |b Diputació |9 52408 | |
| 901 | |a Arxiu | ||
| 942 | |n 1 | ||
| 952 | |0 0 |1 0 |4 0 |6 FU855 |7 1 |9 46358 |a Arxiu |b Arxiu |d 2016-12-01 |l 0 |o FU-8-55 |p 8298 |r 2016-12-01 00:00:00 |w 2016-12-01 |y ARXIU | ||
| 999 | |c 50143 |d 50143 | ||